Proceedings of the workshop on diagnostics of semiconductor laser materials : Konf. Libnice, 11.- 15. April 1988

Guardado en:
Detalles Bibliográficos
Formato: Libro
Lenguaje:inglés
Publicado: Praha : Inst.of radio engin.and electronic Czechoslov.academy of sciences, 1988
Etiquetas: Agregar Etiqueta
Sin Etiquetas, Sea el primero en etiquetar este registro!

MARC

LEADER 00000nam a22000003a 4500
001 stu4799
005 20150408182056.0
008 931108s1988----cs------------------eng-d
040 |a STU  |b slo 
041 0 |a eng 
044 |a cs 
080 |a 621.375.8 
080 |a 535.374  |7 stu_us_auth*stu8268 
080 |a 538.9  |7 stu_us_auth*stu7967 
080 |a 061.3(08) 
245 |a Proceedings of the workshop on diagnostics of semiconductor laser materials :  |b Konf. Libnice, 11.- 15. April 1988 
260 |a Praha :  |b Inst.of radio engin.and electronic Czechoslov.academy of sciences,  |c 1988 
300 |a 88 s 
996 |b E65089  |c E*65089  |l EE11  |s P  |a 0  |w stu4799_0001